[Event "32. Potsdamer Weihnachtsturnier"]
[Site "MyTown"]
[Date "2007.12.30"]
[Round "7.35"]
[White "Bielick, Jakob"]
[Black "Roitzsch, Hans-Werner"]
[Result "1/2-1/2"]
[WhiteElo "1688"]
[BlackElo "1600"]
[PlyCount "75"]
[EventDate "2007.??.??"]

1. e4 c5 2. Nf3 Nf6 3. Nc3 Nc6 4. d4 cxd4 5. Nxd4 d6 6. Bc4 g6 7. Be3 Bg7 8. f3
O-O 9. Qd2 Re8 10. O-O-O a6 11. h4 Qc7 12. Bb3 Bd7 13. Nde2 Ne5 14. Bh6 Bh8 15.
Ng3 Be6 16. Bxe6 fxe6 17. h5 Bg7 18. hxg6 hxg6 19. Qg5 Kf7 20. Bxg7 Kxg7 21.
Rh6 Rh8 22. Rdh1 Rxh6 23. Qxh6+ Kf7 24. Nge2 Rg8 25. g4 Rg7 26. Qf4 g5 27. Qe3
Nc4 28. Qf2 Ne5 29. Ng3 b5 30. Nh5 Rh7 31. Qg2 Qc5 32. Nd1 Kg6 33. Nxf6 Rxh1
34. Qxh1 exf6 35. Qh8 Nd3+ 36. Kd2 Nf4 37. Qg8+ Kh6 38. Qh8+ 1/2-1/2